000 02078cam a2200289 i 4500
001 17440520
003 PILC
005 20160216073609.0
008 120824t20142014cau b 001 0 eng
010 _a 2012031487
020 _a9781412999311 (pbk. : alk. paper)
040 _aDLC
_beng
_cDLC
_erda
_dDLC
042 _apcc
050 0 0 _aBF 76
_b.H488 2014
082 0 0 _a150.23
100 1 _aHettich, Paul I.
245 1 0 _aYour undergraduate degree in psychology :
_bfrom college to career /
_cPaul I. Hettich, R. Eric Landrum.
260 _aLos Angeles :
_bSage,
_c2014.
300 _axiii, 289 pages ;
_c26 cm
500 _aIncludes bibliographical references and index.
505 0 _aPreface -- About the authors -- Get ready for your transition to the workplace -- Meet the new workplace realities (and your paperback mentors) -- Yes! : you can succeed in life with a bachelor's degree -- Make the most of your opportunities now! -- Know thy self better! -- What is the secret of excellent career planning? : Camille Helkowski -- Your journey through psychosocial development continues : long after graduation -- Know the skills you need to succeed (course content is no longer the focus) -- Get a jump-start on your job search -- John Jameson -- Onboarding to work -- Why are attitudes, motivation, and work centrality important? -- Your first real job? : it's primarily about communicating -- Avoid false expectations : onboarding and your first 90 days -- I graduated and got a job : what's next -- Your personal life changes after college : Abby Miller -- From know thyself to manage thyself -- Prime yourself for more transitions -- What lies ahead? -- Author index -- Subject index.
650 0 _aPsychology
_xVocational guidance.
700 1 _aLandrum, R. Eric.
906 _a7
_bcbc
_corignew
_d1
_eecip
_f20
_gy-gencatlg
942 _2lcc
_cBK
_kFOR
999 _c284540
_d284540